हिन्दी साहित्य एवं पत्रकारिता तथा जनसंचारः (Record no. 35040)

MARC details
000 -LEADER
fixed length control field 01206nam a22002297a 4500
005 - DATE AND TIME OF LATEST TRANSACTION
control field 20100403102347.0
008 - FIXED-LENGTH DATA ELEMENTS--GENERAL INFORMATION
fixed length control field 100403t xxu||||| |||| 00| 0 hin d
010 ## - LCCN (DPL NO)
LC control number HIN-89215
020 ## - INTERNATIONAL STANDARD BOOK NUMBER
International Standard Book Number 9788190209366
Terms of availability 250.00
035 ## - SYSTEM CONTROL NUMBER
System control number HN-61561
037 ## - SOURCE OF ACQUISITION
Source of stock number/acquisition DBAD / PUB
040 ## - CATALOGING SOURCE
Original cataloging agency DPL
Language of cataloging HN
082 ## - DEWEY DECIMAL CLASSIFICATION NUMBER
Classification number 070.4
100 ## - MAIN ENTRY--PERSONAL NAME
Personal name धनंजय कुमार
9 (RLIN) 16569
245 ## - TITLE STATEMENT
Title हिन्दी साहित्य एवं पत्रकारिता तथा जनसंचारः
Statement of responsibility, etc धनंजय कुमार
Remainder of title (महत्वपूर्ण तथ्य एवं वस्तुनिष्ठ प्रश्न) /
246 ## - VARYING FORM OF TITLE
Title proper/short title Hindi Sahitya evam patrakarita thaa Jansanchar
Remainder of title by Dhananjay Kumar
260 ## - PUBLICATION, DISTRIBUTION, ETC. (IMPRINT)
Place of publication, distribution, etc दिल्ली
Name of publisher, distributor, etc मनीष पब्लिकेशन्स
Date of publication, distribution, etc 2009
270 ## - ADDRESS
Address 471/10, ए-ब्लॉक, पार्ट- द्वितीय सोनिया विहार
City दिल्ली
Postal code 110094
Telephone number 011 23961160
300 ## - PHYSICAL DESCRIPTION
Extent 160पृ
Dimensions 22सेमी (सजिल्द)
942 ## - ADDED ENTRY ELEMENTS (KOHA)
Source of classification or shelving scheme Dewey Decimal Classification
Item type Hindi Books
Call number suffix धनंज
Holdings
Withdrawn status Lost status Source of classification or shelving scheme Damaged status Not for loan Collection code Home library Current library Date acquired Source of acquisition Cost, normal purchase price Total Checkouts Full call number Barcode Date last seen Copy number Cost, replacement price Koha item type
    Dewey Decimal Classification   Not For Loan Non-fiction D.B.Act.Division D.B.Act.Division 03/04/2010 DBAD / PUB 250.00   धनंज HN-61561 03/04/2010 1 250.00 Hindi Books

© Delhi Public Library
Hit Counter
free hit counter